All DCEU Movies (2013-2023) - Statistics

General Stats
  • This quiz has been taken 152 times
  • The average score is 12 of 15
Answer Stats
Year Movie % Correct
2013 Man of Steel
100%
2017 Justice League
98%
2017 Wonder Woman
98%
2016 Batman V. Superman: Dawn of Justice
94%
2018 Aquaman
93%
2023 The Flash
91%
2021 The Suicide Squad
89%
2016 Suicide Squad
88%
2020 Wonder Woman 1984
85%
2019 Shazam!
83%
2023 Aquaman and the Lost Kingdom
82%
2023 Shazam! Fury of the Gods
76%
2020 Birds of Prey
73%
2022 Black Adam
72%
N/A Batgirl
26%
No matching quizzes found
Score Distribution
Percent of People with Each Score
Percentile by Number Answered
Your Score History
You have not taken this quiz